000 00656nam a2200241Ia 4500
003 OSt
005 20220927105757.0
006 a|||||r|||| 00| 0
007 ta
008 220926b |||||||| |||| 00| 0 eng d
020 _a9788177337921
024 _a200603
037 _cReference Collections
040 _aRTL
_cRTL
_beng
041 _2eng
_aeng
082 _a"XM5:(T:45), Q2"
100 _aRAJAT MOHAN
_9374983
245 0 _aBHARAT'S HOW to pass CS exams?
260 _aNew
_b"Delhi, Bharat Law House, "
_c2012
300 _a222p
_ccm.
942 _h"XM5:(T:45), Q2"
_cCC
999 _c694620
_d694620